000 00627nam a2200217Ia 4500
005 20250923145124.0
008 008 250917s9999 xx 000 0 eng d
037 _aTextual
040 _aDSWL
_beng
_cDSWL
041 _aeng
_2eng
084 _aY72:1:2.448242, N67
_qDSWL
100 _aVyas, N.N.
_9831986
245 0 _aNeeds facilities and the people
_cby N.N. Vyas
260 _aUdaipur
_bTribal Research Institute
_c1967
300 _a261 p.
365 _aINR
_b45
700 _aK.L. Bhatia
_9831987
925 _g45
942 _cTEXL
_hY72:1:2.448242, N67
999 _c1447425
_d1447425